00323nam a2200121Ia 4500008004100000041000800041082001700049100001600066245004100082260003800123300003300161365000700194240624s9999 xx 000 0 und d aeng a658.4092 GAD aGADKARI S S aINNOVATIONS IN PUBLIC ADMINISTRATION c2001aNew DelhibAllied Publisher axxiii, : 125 : p. : cm. ; 25 cRS